000 00573nam a22002057a 4500
003 OSt
005 20140310182925.0
008 130130t xxu||||| |||| 00| 0 eng d
020 _a9718729275
050 _aPN 167
_b.V468 1999
082 _aFIL 808.22
_b.V468 1999
245 _aOn your own : doing research without plagiarizing
_cVentura, Eloisa P.
260 _aQuezon City
_bUniversity of the Philippines
_cc1999
300 _a308 p.
_c23 cm.
_bill.
521 _acollege students
526 _c1210L-1700L
562 _e1
942 _2lcc
_cBK
_kFIL
999 _c17400
_d17400